000 00449nam a2200169Ia 4500
003 GCL
008 140319s9999 xx 000 0 eng d
040 _aGCL /
_cGCL
082 0 4 _a332.6
_bJ I
100 1 _aJONES, CHARLES P.
245 1 0 _aINVESTMENTS: ANALYSIS AND MANAGEMENT /
_cJONES, CHARLES P.
260 _a[S.N] :
_bJOHN WILEY AND SONS. INC
300 _a742 P
650 0 4 _aINVESTMENTS
650 0 4 _aINVESTMENT ANALYSIS
942 _2ddc
_cBK
999 _c24205
_d24205